Statistics for Furthest countries from the equator

Click here to take the quiz!

General Stats

  • This quiz has been taken 570 times
    (557 since last reset)
  • The average score is 11 of 15

Answer Stats

HintAnswer% Correct
83.06NCanada
93%
83.40NGreenland (Denmark)
89%
81.51NRussia
89%
80.49NNorway
83%
67.08NIceland
82%
69.04NSweden
81%
70.05NFinland
79%
60.51NU.K
77%
71.23NU.S.A
77%
55.26NIreland
69%
59.48NEstonia
65%
58.05NLatvia
65%
56.27NLithuania
64%
56.08NBelarus
56%
56.30SChile
48%

Score Distribution

Percentile by Number Answered

Percent of People with Each Score

Your Score History

You have not taken this quiz since the last reset